| 000 | 00534nam a2200169 i 4500 | ||
|---|---|---|---|
| 001 | 100429 | ||
| 003 | ES-MaACL | ||
| 005 | 20230906182655.0 | ||
| 007 | t| | ||
| 008 | 050928s1963 sp ||||1| cat d | ||
| 100 | 1 |
_aMasclans, Francesc. _978695 |
|
| 245 | 1 | 0 |
_aGuía per a conéixer els arbusts i les lianes / _cFrancisco Masclans; illustraciones de J. Ribot. |
| 260 |
_aBarcelona : _b[s.n.], _c1963 ( _fTip. Emporium) |
||
| 300 |
_a268 p. : _bil. ; _c12 cm. |
||
| 700 | 1 |
_aRibot, J. _996834 |
|
| 852 |
_aES-MaACL _jC-25472 _bR.54059 |
||
| 999 |
_c100429 _d100429 |
||